000 00988nam a22003377a 4500
001 0001258
003 KOHA_MİRAKIL
005 20260207001236.0
007 ta
008 081212b2007 tu |||gr||||#0|||0|tur |
020 _a97590204920
_cYTL11,69
040 _aTR-BiSEU
_btur
_cTR-BiSEU
_erda
041 0 _atur
044 _ctu
050 _aTK5105.8885
_b.B38 2007
100 1 _aBatur, Burak.
245 1 _aASP.Net Ajax/
_cBurak Batur ; Burak Batur.
264 1 _aAnkara :
_bSeçkin Yayıncılık
_c2007
300 _a160 sayfa
336 _ametin
_btxt
_2rdacontent
337 _aaracısız
_bn
_2rdamedia
338 _acilt
_bnc
_2rdacarrier
650 0 _aWeb sites--Tasarım.
_91523
650 0 _aWeb sitesi geliştirme.
_91524
650 0 _aWeb siteleri--Yazılım programları.
_91525
650 0 _aWeb sites--Design.
_91526
650 0 _aWeb sites development.
_91527
650 0 _aWeb sites--Authoring programs.
_91528
907 _aBilgisayar
942 _2lcc
_cBK
999 _c1251
_d1251